000 00722cab a2200229 4500
001 WB3409-01
008 090401t1998 xxu||||| |||| 00| 0 eng d
035 _a(Sirsi) u84633
041 _aeng
245 _aConstruction downturn
260 _c1998
350 _a0
490 _aBuilding
_v268(8028) 27 February 1998, 9(1)
520 _aConstruction firms report a levelling off in tendering successes and a slower growth in new enquiries, in the Construction Confederation`s workload survey for 4Q1997.
650 _aCONSTRUCTION CONFEDERATION
650 _aCONSTRUCTION MARKET
650 _aCONSTRUCTION WORKLOAD
650 _aTENDERING
690 _aBUILT ENVIRONMENT
942 _n0
948 _c03/03/1998
999 _c53203
_d53203